| 000 | 01187nam a22002297a 4500 | ||
|---|---|---|---|
| 005 | 20220328150326.0 | ||
| 008 | 220328b ||||| |||| 00| 0 eng d | ||
| 020 | _a8171675131 | ||
| 040 | _cAloy | ||
| 041 | _aeng | ||
| 082 |
_223 _a324.2092 _bDASS |
||
| 100 |
_aSitanshu Das _926332 |
||
| 245 |
_aSubhas: _bA political biography |
||
| 260 |
_aNew Delhi _bRupa & Co _c2001 |
||
| 300 |
_axi,634 p. _bHB _c23x16 cm. |
||
| 365 |
_2Political Science _b595.00 _c₹ _d595.00 |
||
| 520 | _aSubhas Chandra Bose is one of India's most controversial leaders. He was one of the few Indian leaders to attempt to win freedom by force and was a constant thorn in the side of the British, as well as Mahatma Gandhi. A revolutionary in every sense of the word, Bose spent his life haunted by a call of duty and would meet his death in attempting to answer that call in his own indomitable way. Subhas: A Political Biography explores the ideology and politics of a passionate intellect who sacrificed everything in his effort to win freedom for his country at any cost. | ||
| 650 |
_aBiography _926333 |
||
| 650 |
_aPolitical Science _926334 |
||
| 700 |
_aDAS (Sitanshu) _926335 |
||
| 942 |
_2ddc _cGF |
||
| 999 |
_c222059 _d222059 |
||